| 000 | 01431cam a22003857a 4500 | ||
|---|---|---|---|
| 003 | CHAP | ||
| 005 | 20220329142330.0 | ||
| 008 | 000731d2000 mx a r 00110 spa d | ||
| 010 | _a81882 | ||
| 011 | _a82854 | ||
| 035 | _a93359 | ||
| 040 | _cCHAP | ||
| 090 | _aTesis | ||
| 100 | 0 | 0 |
_aEscamilla Talon, Moisés. _937454 |
| 245 | 1 | 0 |
_aConstrucción de una máquina deshojadora para el aprovechamiento de la hoja para tamal _c/por Escamilla Talón Moises y Rosas Suárez Israel Heriberto |
| 260 |
_aChapingo, Méx. : _bEl autor, _c2000. |
||
| 300 |
_a109 h. : _bilus. ; gráfs. |
||
| 502 | _aTesis (Ing. Mecánico Agrícola) -- UACH. Ingeniería Mecánica Agrícola | ||
| 590 |
_aALEPH _b10 _c20130110 _lUCH01 _h1436 |
||
| 590 |
_aBATCH-UPD _b10 _c20130110 _lUCH01 _h0551 |
||
| 590 |
_aBATCH-UPD _b10 _c20130110 _lUCH01 _h2240 |
||
| 590 |
_aBATCH-UPD _b10 _c20130410 _lUCH01 _h0232 |
||
| 590 |
_aBATCH-UPD _b10 _c20130914 _lUCH01 _h1153 |
||
| 590 |
_aCONVERSION _b10 _c20130109 _lUCH01 _h1345 |
||
| 650 | 1 | 4 |
_aDeshojadoras. _932136 |
| 650 | 1 | 4 |
_aMaíz _xHojas. _970975 |
| 650 | 1 | 4 |
_aMaquinaria agrícola _xDiseño. _971168 |
| 650 | 1 | 4 |
_aMaquinaria agrícola _xFabricación y comercio. _971172 |
| 700 | 0 |
_aRosas Suárez, Israel Heriberto. _9100052 |
|
| 901 | _aBK | ||
| 905 | _aBlanca M. García O. | ||
| 942 | _cFOLL | ||
| 949 |
_bBC _cTES _d33724000782082 _eTS2 _fc.2 _h36912 _i93359 _si |
||
| 949 |
_bBC _cTES _d933591 _eTS1 _h36911 _i93359 _sb |
||
| 999 |
_c81882 _d81882 |
||